=LDR 00000nam 2200000 4500 =001 NUTBA000000000003858 =005 20140828094516.0 =006 =007 =008 =020 ##$$a 978-979-17609-7-3 =035 ##$$a 0010-081400000000703 =040 ##$$a NBPDMAT =082 ##$$a 541.224 2 =084 ##$$a 541.224 2 Muh i =100 ##$$a Muhammad Rahman =245 ##$$a Ikatan Kimia / $c Muhammad Rahman =260 ##$$a Jakarta : $b Mitra Utama, $c 2008 =300 ##$$a vi, 58 hlm. : $b ilus. ; $c 21 cm. =500 ##$$a Bibilografi : hlm. 58 =650 ##$$a Kimia-ikatan =990 ##$$a 21407757 =990 ##$$a 0001/BPAP-NTB/20142014 =990 ##$$a 0001/BPAP-NTB/20142014 =990 ##$$a 0001/BPAP-NTB/20142014 =990 ##$$a 0001/BPAP-NTB/20142014 =990 ##$$a 0001/BPAP-NTB/20142014